00769cam a2200217 a 450000100100000000500170001000800410002702000150006804000180008308200180010110000380011924500490015726000730020630000200027949000230029949000720032265000240039465000360041883000220045483000750047600000591820200929151835.0900124s1983 sp 001 p spa  a8400055640 aDO-SdBNPcDLC a861.64bH816p1 aHorno Delgado, Asunción,d1956-10aPrimeros poemas /cAsunción Horno Delgado. aZaragoza, España :bInstitución "Fernando el Católico",c1983. a75 p. ;c25 cm.1 aSan Jorgevvol. 381 aPublicación de la Institución "Fernando el Católico"vno. 952 4aPoesía española 4aLiteratura españolaySILO XXI 0aSan Jogevvol. 38 0aPublicación de la Institución "Fernando el Católico" ;vno. 952.